[Event "AUT-chT2W 2223"]
[Site "Austria"]
[Date "2022.09.24"]
[Round "2.2"]
[White "Fedorovsky, Michael"]
[Black "Eybl, Alexander"]
[Result "1/2-1/2"]
[WhiteElo "2412"]
[BlackElo "2290"]
[PlyCount "65"]
[EventDate "2022.09.23"]
[EventType "team-tourn"]
[EventRounds "11"]
[EventCountry "AUT"]
[SourceTitle "CBM 210 Extra"]
[Source "ChessBase"]
[SourceDate "2022.11.30"]
[SourceVersion "1"]
[SourceVersionDate "2022.11.30"]
[SourceQuality "1"]
[WhiteTeam "Jenbach II"]
[BlackTeam "Pradl"]
[WhiteTeamCountry "AUT"]
[BlackTeamCountry "AUT"]

1. d4 Nf6 2. c4 g6 3. Nc3 d5 4. cxd5 Nxd5 5. e4 Nxc3 6. bxc3 Bg7 7. Nf3 c5 8. Be2 Bg4 9. Rb1 0-0 10. 0-0 cxd4 11. cxd4 Nc6 12. d5 Na5 13. Be3 b6 14. Bd4 Bxf3 15. Bxf3 e5 16. Bc3 Nb7 17. Bb4 Re8 18. d6 Bf8 19. d7 Re6 20. Bg4 Rc6 21. Bxf8 Kxf8 22. Rc1 Qc7 23. Rxc6 Qxc6 24. Qa1 f6 25. f4 exf4 26. Rxf4 Ke7 27. Rf1 Rd8 28. Qe1 Qc5+ 29. Kh1 Qe5 30. Qb4+ Nc5 31. Rd1 h5 32. Bh3 Kf7 33. Qc4+ 1/2-1/2

[Event "AUT-chT2W 1920"]
[Site "Austria"]
[Date "2020.03.06"]
[Round "9.1"]
[White "Palac, Mladen"]
[Black "Eybl, Alexander"]
[Result "1/2-1/2"]
[WhiteElo "2544"]
[BlackElo "2288"]
[PlyCount "66"]
[EventDate "2019.10.04"]
[EventType "team-tourn"]
[EventRounds "11"]
[EventCountry "AUT"]
[SourceTitle "CBM 195 Extra"]
[Source "ChessBase"]
[SourceDate "2020.05.31"]
[SourceVersion "1"]
[SourceVersionDate "2020.05.31"]
[SourceQuality "1"]
[WhiteTeam "Schwarzach"]
[BlackTeam "Pradl"]
[WhiteTeamCountry "AUT"]
[BlackTeamCountry "AUT"]

1. Nf3 Nf6 2. c4 e6 3. Nc3 d5 4. d4 dxc4 5. e4 Bb4 6. Bg5 c5 7. e5 cxd4 8. Nxd4 Bxc3+ 9. bxc3 Qa5 10. exf6 Qxg5 11. fxg7 Qxg7 12. Qd2 Nc6 13. Nxc6 bxc6 14. Bxc4 Qe5+ 15. Kf1 Bd7 16. Re1 Qc5 17. Qf4 Rg8 18. h4 Qe7 19. Rh3 Rg6 20. Rd3 Rd8 21. Red1 h5 22. Bb3 Rg4 23. Qc7 Rxh4 24. Kg1 Rg4 25. c4 e5 26. Qxa7 Rxg2+ 27. Kxg2 Bh3+ 28. Kh2 Qxa7 29. Rxd8+ Ke7 30. Kxh3 Qxf2 31. R1d7+ Kf6 32. c5 Qf3+ 33. Kh2 Qf2+ 1/2-1/2

[Event "AUT-chT2W 1920"]
[Site "Austria"]
[Date "2020.01.19"]
[Round "8.1"]
[White "Eybl, Alexander"]
[Black "Mons, Leon"]
[Result "0-1"]
[WhiteElo "2288"]
[BlackElo "2552"]
[PlyCount "68"]
[EventDate "2019.10.04"]
[EventType "team-tourn"]
[EventRounds "11"]
[EventCountry "AUT"]
[SourceTitle "CBM 195 Extra"]
[Source "ChessBase"]
[SourceDate "2020.05.31"]
[SourceVersion "1"]
[SourceVersionDate "2020.05.31"]
[SourceQuality "1"]
[WhiteTeam "Pradl"]
[BlackTeam "Bernhard"]
[WhiteTeamCountry "AUT"]
[BlackTeamCountry "AUT"]

1. d4 Nf6 2. Nf3 e6 3. c4 a6 4. Nc3 d5 5. cxd5 exd5 6. Bg5 Be6 7. g3 Nbd7 8. Bg2 Bd6 9. 0-0 0-0 10. Qc2 c6 11. Bf4 Qc7 12. Bxd6 Qxd6 13. a3 Bg4 14. b4 Rfe8 15. Na4 Qe7 16. e3 Ne4 17. Nc5 Nd6 18. Nd2 h5 19. Rfc1 h4 20. a4 hxg3 21. hxg3 Nf6 22. Bf1 g6 23. Qb3 Kg7 24. b5 cxb5 25. axb5 a5 26. Bg2 Rh8 27. Bxd5 Nxd5 28. Qxd5 Rh5 29. Qg2 Rah8 30. b6 Qg5 31. f4 Qh6 32. Nf1 Bh3 33. Qf3 Bxf1 34. Rxf1 Rxc5 0-1

[Event "AUT-chT2W 1920"]
[Site "Austria"]
[Date "2020.01.17"]
[Round "6.1"]
[White "Paltrinieri, Nicholas"]
[Black "Eybl, Alexander"]
[Result "1/2-1/2"]
[WhiteElo "2323"]
[BlackElo "2288"]
[PlyCount "88"]
[EventDate "2019.10.04"]
[EventType "team-tourn"]
[EventRounds "11"]
[EventCountry "AUT"]
[SourceTitle "CBM 195 Extra"]
[Source "ChessBase"]
[SourceDate "2020.05.31"]
[SourceVersion "1"]
[SourceVersionDate "2020.05.31"]
[SourceQuality "1"]
[WhiteTeam "Rochade Rum"]
[BlackTeam "Pradl"]
[WhiteTeamCountry "AUT"]
[BlackTeamCountry "AUT"]

1. e4 c5 2. Nc3 d6 3. f4 Nc6 4. Nf3 a6 5. d3 Nf6 6. g3 Bg4 7. h3 Bxf3 8. Qxf3 e5 9. Bg2 Be7 10. 0-0 b5 11. Qf2 Rc8 12. Nd5 h6 13. Be3 exf4 14. Bxf4 Ne5 15. Nxe7 Qxe7 16. Rad1 0-0 17. c3 c4 18. dxc4 bxc4 19. Bxh6 Nd3 20. Qd4 Qe5 21. Qxe5 dxe5 22. Rxf6 gxf6 23. Bxf8 Kxf8 24. Rd2 Rb8 25. b3 cxb3 26. axb3 Nc1 27. b4 Rc8 28. Rd6 Rxc3 29. Rxa6 Rxg3 30. Ra1 Rc3 31. Rb1 Ne2+ 32. Kh2 Rc2 33. b5 Nf4 34. b6 Rxg2+ 35. Kh1 Rg8 36. b7 Kg7 37. b8Q Rxb8 38. Rxb8 Nxh3 39. Kg2 Ng5 40. Rb4 Kg6 41. Kf2 f5 42. exf5+ Kxf5 43. Ke3 Ne6 44. Rb5 f6 1/2-1/2

[Event "AUT-chT2W 1819"]
[Site "Austria"]
[Date "2019.03.08"]
[Round "9.2"]
[White "Schnegg, Anna Lena"]
[Black "Eybl, Alexander"]
[Result "0-1"]
[WhiteElo "2184"]
[BlackElo "2289"]
[PlyCount "42"]
[EventDate "2018.10.12"]
[EventType "team-tourn"]
[EventRounds "11"]
[EventCountry "AUT"]
[SourceTitle "CBM 189 Extra"]
[Source "ChessBase"]
[SourceDate "2019.05.31"]
[SourceVersion "1"]
[SourceVersionDate "2019.05.31"]
[SourceQuality "1"]
[WhiteTeam "Oberland"]
[BlackTeam "Pradl"]
[WhiteTeamCountry "AUT"]
[BlackTeamCountry "AUT"]

1. c4 e6 2. g3 d5 3. Bg2 Nf6 4. Nf3 Nbd7 5. 0-0 Be7 6. d4 c6 7. b3 0-0 8. Nc3 b6 9. Qc2 Ba6 10. Nd2 Rc8 11. e4 c5 12. exd5 exd5 13. Nxd5 Nxd5 14. Bxd5 cxd4 15. Bb2 Nf6 16. Be4 Nxe4 17. Qxe4 Bc5 18. Nf3 Re8 19. Qg4 Bb7 20. Rfe1 Qf6 21. Qd7 Bc6 0-1

[Event "AUT-chT2W 1819"]
[Site "Austria"]
[Date "2019.02.09"]
[Round "7.1"]
[White "Rusche, Johannes"]
[Black "Eybl, Alexander"]
[Result "1-0"]
[WhiteElo "2289"]
[BlackElo "2289"]
[PlyCount "63"]
[EventDate "2018.10.12"]
[EventType "team-tourn"]
[EventRounds "11"]
[EventCountry "AUT"]
[SourceTitle "CBM 189 Extra"]
[Source "ChessBase"]
[SourceDate "2019.05.31"]
[SourceVersion "1"]
[SourceVersionDate "2019.05.31"]
[SourceQuality "1"]
[WhiteTeam "Kufstein/Woergl"]
[BlackTeam "Pradl"]
[WhiteTeamCountry "AUT"]
[BlackTeamCountry "AUT"]

1. e4 c5 2. c3 Nf6 3. e5 Nd5 4. Nf3 e6 5. Bc4 d6 6. d4 cxd4 7. cxd4 Be7 8. 0-0 Nc6 9. Re1 0-0 10. exd6 Bxd6 11. Nc3 Nxc3 12. bxc3 Qc7 13. Bd3 Bd7 14. Qe2 Ne7 15. c4 Ng6 16. g3 Bb4 17. Rd1 Ba4 18. Rf1 Bc6 19. Bb2 b6 20. Ng5 Be7 21. Qh5 Bxg5 22. Qxg5 Qe7 23. Qe3 Qb7 24. h4 Rfe8 25. h5 Nf8 26. h6 f5 27. Rfe1 Ng6 28. d5 exd5 29. Qd4 Qf7 30. Bxf5 Nf8 31. Qxg7+ Qxg7 32. hxg7 1-0

[Event "AUT-chT2W 1819"]
[Site "Austria"]
[Date "2018.10.12"]
[Round "1.2"]
[White "Spornberger, Maximilian"]
[Black "Eybl, Alexander"]
[Result "0-1"]
[WhiteElo "2298"]
[BlackElo "2289"]
[PlyCount "90"]
[EventDate "2018.10.12"]
[EventType "team-tourn"]
[EventRounds "11"]
[EventCountry "AUT"]
[SourceTitle "CBM 186 Extra"]
[Source "ChessBase"]
[SourceDate "2018.08.24"]
[SourceVersion "1"]
[SourceVersionDate "2018.08.24"]
[SourceQuality "1"]
[WhiteTeam "Rochade Rum"]
[BlackTeam "Pradl"]
[WhiteTeamCountry "AUT"]
[BlackTeamCountry "AUT"]

1. e4 c5 2. c3 Nf6 3. e5 Nd5 4. d4 cxd4 5. Nf3 e6 6. cxd4 d6 7. Bc4 Nc6 8. 0-0 Be7 9. Qe2 0-0 10. Bd2 Qb6 11. Bc3 Bd7 12. Nbd2 Rac8 13. Rfc1 Na5 14. Bxa5 Qxa5 15. Ne4 Qb6 16. Bxd5 exd5 17. Nxd6 Bxd6 18. exd6 Qxd6 19. Qe5 Qb4 20. Qxd5 Rxc1+ 21. Rxc1 Qxb2 22. Qc4 Be6 23. Qc2 Qxc2 24. Rxc2 Rc8 25. Rxc8+ Bxc8 26. a3 Kf8 27. Kf1 Ke7 28. h3 Bf5 29. Ke2 Be4 30. Ne1 Kd6 31. Ke3 Kd5 32. g4 g5 33. f3 Bb1 34. Ng2 b5 35. h4 f6 36. h5 a5 37. f4 Be4 38. fxg5 fxg5 39. Ne1 h6 40. Nd3 Bxd3 41. Kxd3 b4 42. a4 b3 43. Kc3 b2 44. Kxb2 Kxd4 45. Kb3 Kd3 0-1

[Event "AUT-chT2W 1718"]
[Site "Austria"]
[Date "2018.03.09"]
[Round "9.2"]
[White "Gretz, Denis"]
[Black "Eybl, Alexander"]
[Result "0-1"]
[WhiteElo "2309"]
[BlackElo "2270"]
[PlyCount "140"]
[EventDate "2017.10.13"]
[EventType "team-tourn"]
[EventRounds "11"]
[EventCountry "AUT"]
[SourceTitle "EXT 2019"]
[Source "ChessBase"]
[SourceDate "2018.10.10"]
[SourceVersion "1"]
[SourceVersionDate "2018.10.10"]
[SourceQuality "1"]
[WhiteTeam "Goetzis II"]
[BlackTeam "Pradl"]
[WhiteTeamCountry "AUT"]
[BlackTeamCountry "AUT"]

1. e4 c5 2. Nf3 e6 3. d4 cxd4 4. Nxd4 a6 5. Bd3 Qb6 6. Nb3 Qc7 7. 0-0 Nf6 8. Qe2 d6 9. Nc3 Be7 10. Bg5 Nc6 11. Rae1 h6 12. Bh4 g5 13. Bg3 h5 14. h4 gxh4 15. Bxh4 Ng4 16. Bxe7 Qxe7 17. Qf3 Bd7 18. Qh3 0-0-0 19. Nd2 Rdg8 20. Nc4 Kb8 21. Nb6 Be8 22. Be2 Nd4 23. a4 Qg5 24. Nc4 Qc5 25. Qd3 Ne5 26. Nxe5 dxe5 27. Bd1 h4 28. Nb1 h3 29. g3 h2+ 30. Kg2 Bxa4 31. c3 Bb5 32. cxd4 exd4 33. Qc2 Bxf1+ 34. Rxf1 Qg5 35. Kh1 Rc8 36. Qd3 e5 37. Nd2 Qe7 38. Bb3 f6 39. Bd5 Qb4 40. Rb1 Rc7 41. Nf1 Qc5 42. Bb3 b5 43. Nd2 a5 44. Bd1 Qb4 45. Be2 Rb7 46. Nf3 a4 47. Nh4 Rc8 48. Kxh2 Qc4 49. Qf3 Qe6 50. Bd3 b4 51. Qd1 a3 52. Qa4 Qc6 53. Qa5 Qc5 54. Qa4 Qc6 55. Qb3 axb2 56. Rxb2 Qc3 57. Qe6 Qxb2 58. Qd6+ Rcc7 59. Nf5 Qc3 60. Ne7 Qc5 61. Qd8+ Rc8 62. Nxc8 Qxc8 63. Qxf6 Qc5 64. g4 Qe7 65. Qh8+ Ka7 66. Kg3 b3 67. Qh6 Rb6 68. Qd2 Qc5 69. Qb2 Kb8 70. g5 Qc3 0-1

[Event "AUT-chT2W 1718"]
[Site "Austria"]
[Date "2017.10.14"]
[Round "2.2"]
[White "Lanka, Zigurds"]
[Black "Eybl, Alexander"]
[Result "1-0"]
[WhiteElo "2426"]
[BlackElo "2270"]
[PlyCount "67"]
[EventDate "2017.10.13"]
[EventType "team-tourn"]
[EventRounds "11"]
[EventCountry "AUT"]
[SourceTitle "CBM 181 Extra"]
[Source "ChessBase"]
[SourceDate "2017.12.12"]
[SourceVersion "1"]
[SourceVersionDate "2017.12.12"]
[SourceQuality "1"]
[WhiteTeam "Zillertal"]
[BlackTeam "Pradl"]
[WhiteTeamCountry "AUT"]
[BlackTeamCountry "AUT"]

1. e4 c5 2. Nf3 d6 3. d4 cxd4 4. Nxd4 Nf6 5. Nc3 a6 6. Be3 e5 7. Nb3 Be6 8. h3 Be7 9. f4 exf4 10. Bxf4 Nc6 11. Qe2 Nd7 12. 0-0-0 Nde5 13. Kb1 0-0 14. g4 b5 15. Nd5 Re8 16. Qg2 Rb8 17. g5 a5 18. h4 a4 19. Nc1 b4 20. Be2 Qa5 21. Nf6+ Kh8 22. Nxe8 Rxe8 23. Be3 b3 24. cxb3 axb3 25. a3 Ra8 26. Rd5 Bxd5 27. exd5 Nb4 28. Bd2 Qxd5 29. Qxd5 Nxd5 30. Nxb3 Ra4 31. h5 f5 32. Rc1 Kg8 33. g6 hxg6 34. hxg6 1-0

[Event "AUT-chT2W 1516"]
[Site "Austria"]
[Date "2016.03.06"]
[Round "11.3"]
[White "Baldauf, Marco"]
[Black "Eybl, Alexander"]
[Result "1/2-1/2"]
[WhiteElo "2420"]
[BlackElo "2240"]
[PlyCount "72"]
[EventDate "2015.10.16"]
[EventType "team-tourn"]
[EventRounds "11"]
[EventCountry "AUT"]
[SourceTitle "EXT 2017"]
[Source "ChessBase"]
[SourceDate "2016.10.25"]
[SourceVersion "1"]
[SourceVersionDate "2016.10.25"]
[SourceQuality "1"]
[WhiteTeam "Hohenems II"]
[BlackTeam "Pradl"]
[WhiteTeamCountry "AUT"]
[BlackTeamCountry "AUT"]

1. d4 Nf6 2. c4 g6 3. Nc3 d5 4. cxd5 Nxd5 5. e4 Nxc3 6. bxc3 Bg7 7. Be3 0-0 8. Qd2 c5 9. Nf3 Qa5 10. Rc1 cxd4 11. cxd4 Qxd2+ 12. Nxd2 Rd8 13. Nb3 Nc6 14. d5 Nb4 15. a3 Na2 16. Rc7 Nc3 17. g3 Be5 18. Rxe7 Bd6 19. Bc5 Bxe7 20. Bxe7 Re8 21. d6 a6 22. Kd2 Na4 23. Bc4 Nb6 24. Bd5 Be6 25. Bxe6 fxe6 26. Rc1 Rac8 27. Nc5 Kf7 28. Bg5 h6 29. Bxh6 e5 30. Bg5 Rc6 31. Nxb7 Rxc1 32. Kxc1 Rb8 33. Nd8+ Ke8 34. Ne6 Rc8+ 35. Nc7+ Kd7 36. Kd1 Kxd6 1/2-1/2

[Event "AUT-chT2W 1516"]
[Site "Austria"]
[Date "2015.10.16"]
[Round "1.1"]
[White "Eybl, Alexander"]
[Black "Spornberger, Maximilian"]
[Result "1-0"]
[WhiteElo "2240"]
[BlackElo "2347"]
[PlyCount "111"]
[EventDate "2015.10.16"]
[EventType "team-tourn"]
[EventRounds "11"]
[EventCountry "AUT"]
[SourceTitle "CBM 168 Extra"]
[Source "ChessBase"]
[SourceDate "2015.10.29"]
[SourceVersion "1"]
[SourceVersionDate "2015.10.29"]
[SourceQuality "1"]
[WhiteTeam "Pradl"]
[BlackTeam "Rochade Rum"]
[WhiteTeamCountry "AUT"]
[BlackTeamCountry "AUT"]

1. d4 g6 2. Nf3 Bg7 3. g3 d6 4. Bg2 Nf6 5. 0-0 0-0 6. c4 Nbd7 7. d5 e5 8. dxe6 fxe6 9. Nc3 Qe7 10. Nd4 Kh8 11. b3 a6 12. e4 Rb8 13. a4 Rd8 14. Bg5 h6 15. Be3 c5 16. Nde2 b6 17. Rc1 Bb7 18. h3 Nf8 19. Qc2 Rd7 20. Rcd1 Rbd8 21. Rfe1 Qf7 22. a5 bxa5 23. e5 dxe5 24. Bxc5 Bxg2 25. Kxg2 Rxd1 26. Rxd1 Rxd1 27. Qxd1 Qb7+ 28. Kg1 N8d7 29. Be3 Bf8 30. Qc2 Kh7 31. Na4 Qc6 32. Nec3 Bb4 33. c5 h5 34. h4 e4 35. Ne2 Ne5 36. Nd4 Nf3+ 37. Kf1 Nxd4 38. Bxd4 Nd7 39. Qc4 Kg8 40. Nb6 Nb8 41. Qc1 Qb5+ 42. Kg1 e5 43. Qg5 exd4 44. Qd8+ Kf7 45. Qc7+ Kf8 46. Qxb8+ Kg7 47. Qe5+ Kh7 48. Qe7+ Kh8 49. Qf8+ Kh7 50. Qf7+ Kh6 51. Qf8+ Kh7 52. Nd5 g5 53. Qf7+ Kh6 54. hxg5+ Kxg5 55. Qf6+ Kg4 56. Qf4+ 1-0

[Event "AUT-chT2W 1112"]
[Site "Austria"]
[Date "2012.01.28"]
[Round "7.4"]
[White "Eybl, Alexander"]
[Black "Klinger, Josef Sr"]
[Result "1/2-1/2"]
[WhiteElo "2275"]
[BlackElo "1981"]
[PlyCount "100"]
[EventDate "2011.10.07"]
[EventType "team-tourn"]
[EventRounds "11"]
[EventCountry "AUT"]
[SourceTitle "EXT 2013"]
[Source "ChessBase"]
[SourceDate "2012.11.22"]
[SourceVersion "1"]
[SourceVersionDate "2012.11.22"]
[SourceQuality "1"]
[WhiteTeam "Rum Rochade"]
[BlackTeam "Schwarzach"]
[WhiteTeamCountry "AUT"]
[BlackTeamCountry "AUT"]

1. Nf3 d6 2. d4 g6 3. g3 Nh6 4. Bg2 c6 5. c3 f6 6. e4 e5 7. 0-0 Bg7 8. Nbd2 Nf7 9. Re1 Na6 10. b4 Nc7 11. Bb2 c5 12. bxc5 dxc5 13. a4 0-0 14. Ba3 Na6 15. Nb3 b6 16. dxc5 Qxd1 17. Rexd1 Be6 18. Nfd2 Rfc8 19. Bf1 Nxc5 20. Nxc5 bxc5 21. Bc4 Nd8 22. Bxe6+ Nxe6 23. Nc4 Rc7 24. h4 Bf8 25. Rab1 Kf7 26. Kf1 Rd8 27. Ke2 Ke8 28. f3 Rxd1 29. Kxd1 Kd7 30. Ke2 Ke8 31. Rb8+ Kd7 32. Ne3 Nd8 33. Kd3 Rb7 34. Rxb7+ Nxb7 35. Nc4 Kc6 36. Bc1 Bd6 37. Be3 Bc7 38. Bf2 Bb8 39. g4 Bc7 40. h5 Nd8 41. Bh4 g5 42. Bg3 h6 43. Ne3 Nf7 44. Nf5 a6 45. Bf2 Bd6 46. Be3 Bf8 47. Kc4 Nd6+ 48. Nxd6 Bxd6 49. Bf2 Be7 50. Be3 Bf8 1/2-1/2

[Event "AUT-chT2W 1112"]
[Site "Austria"]
[Date "2011.11.06"]
[Round "6.4"]
[White "Ager, Josef"]
[Black "Eybl, Alexander"]
[Result "1/2-1/2"]
[WhiteElo "2190"]
[BlackElo "2275"]
[PlyCount "80"]
[EventDate "2011.10.07"]
[EventType "team-tourn"]
[EventRounds "11"]
[EventCountry "AUT"]
[SourceTitle "EXT 2012"]
[Source "ChessBase"]
[SourceDate "2011.11.24"]
[SourceVersion "1"]
[SourceVersionDate "2011.11.24"]
[SourceQuality "1"]
[WhiteTeam "Ranshofen"]
[BlackTeam "Rum Rochade"]
[WhiteTeamCountry "AUT"]
[BlackTeamCountry "AUT"]

1. c4 e5 2. Nc3 Nf6 3. e4 Bb4 4. d3 Bxc3+ 5. bxc3 d6 6. Nf3 0-0 7. Be2 Re8 8. h3 Nbd7 9. 0-0 Nf8 10. Ne1 Ng6 11. Nc2 c6 12. Re1 d5 13. cxd5 cxd5 14. exd5 Nxd5 15. c4 Ndf4 16. Bf1 Bf5 17. Re3 Qd7 18. Bb2 Rad8 19. Ne1 b5 20. Qb3 bxc4 21. dxc4 Rb8 22. Qc3 Qb7 23. Ba3 Rbc8 24. Qb3 Qa8 25. Bd6 Be4 26. f3 Bc6 27. Nd3 f6 28. Nb4 Ne6 29. c5 Kh8 30. Nxc6 Rxc6 31. Bb5 Nd4 32. Bxc6 Qxc6 33. Qb2 Nf4 34. Rb1 h5 35. Kh2 h4 36. Ra3 Qd7 37. Qf2 g5 38. Qe3 Nf5 39. Qe4 Ng3 40. Rb7 Nfe2 1/2-1/2

[Event "AUT-chT2W 1112"]
[Site "Austria"]
[Date "2011.11.05"]
[Round "5.4"]
[White "Atlas, Dimitry"]
[Black "Eybl, Alexander"]
[Result "1/2-1/2"]
[WhiteElo "2323"]
[BlackElo "2275"]
[PlyCount "44"]
[EventDate "2011.10.07"]
[EventType "team-tourn"]
[EventRounds "11"]
[EventCountry "AUT"]
[SourceTitle "EXT 2012"]
[Source "ChessBase"]
[SourceDate "2011.11.24"]
[SourceVersion "1"]
[SourceVersionDate "2011.11.24"]
[SourceQuality "1"]
[WhiteTeam "Hohenems II"]
[BlackTeam "Rum Rochade"]
[WhiteTeamCountry "AUT"]
[BlackTeamCountry "AUT"]

1. e4 c5 2. c3 d5 3. exd5 Qxd5 4. d4 e6 5. Nf3 Nf6 6. Be3 cxd4 7. cxd4 Nc6 8. Nc3 Qd6 9. Bd3 Be7 10. 0-0 0-0 11. a3 b6 12. Qe2 Bb7 13. h3 Rfd8 14. Rad1 Rac8 15. Rfe1 g6 16. Bb1 Nd5 17. Nxd5 Qxd5 18. b4 Bf6 19. Ba2 Qf5 20. Bb1 Qd5 21. Ba2 Qf5 22. Bb1 Qd5 1/2-1/2

[Event "AUT-chT2W 1112"]
[Site "Austria"]
[Date "2011.10.08"]
[Round "2.4"]
[White "Gruber, Michael"]
[Black "Eybl, Alexander"]
[Result "1/2-1/2"]
[WhiteElo "2141"]
[BlackElo "2275"]
[PlyCount "61"]
[EventDate "2011.10.07"]
[EventType "team-tourn"]
[EventRounds "11"]
[EventCountry "AUT"]
[SourceTitle "CBM 144 Extra"]
[Source "ChessBase"]
[SourceDate "2011.10.28"]
[SourceVersion "1"]
[SourceVersionDate "2011.10.28"]
[SourceQuality "1"]
[WhiteTeam "Schwaz"]
[BlackTeam "Rum Rochade"]
[WhiteTeamCountry "AUT"]
[BlackTeamCountry "AUT"]

1. e4 c5 2. Nf3 e6 3. d4 cxd4 4. Nxd4 a6 5. Nc3 b5 6. Bd3 Qb6 7. Nb3 Qc7 8. 0-0 d6 9. a4 b4 10. Na2 Nc6 11. Bd2 Qb7 12. c3 bxc3 13. Bxc3 Nf6 14. Re1 Be7 15. Nd4 Nxd4 16. Bxd4 e5 17. Bc3 Be6 18. Nb4 0-0 19. a5 Nd7 20. Qe2 Nc5 21. Bc4 Bxc4 22. Qxc4 Ne6 23. Nd5 Bg5 24. Nb6 Rad8 25. Rad1 Nc7 26. Rd3 Nb5 27. Red1 Rfe8 28. Rd5 Be7 29. R5d3 Bg5 30. Rd5 Be7 31. R5d3 1/2-1/2

[Event "AUT-chT2W 1011"]
[Site "Austria"]
[Date "2010.11.28"]
[Round "6"]
[White "Menacher, Manfred"]
[Black "Eybl, Alexander"]
[Result "1/2-1/2"]
[WhiteElo "2290"]
[BlackElo "2278"]
[PlyCount "113"]
[EventDate "2010.10.15"]
[EventType "team-tourn"]
[EventRounds "11"]
[EventCountry "AUT"]
[SourceTitle "EXT 2012"]
[Source "ChessBase"]
[SourceDate "2011.11.24"]
[SourceVersion "1"]
[SourceVersionDate "2011.11.24"]
[SourceQuality "1"]
[WhiteTeam "Ranshofen"]
[BlackTeam "Rum Rochade"]
[WhiteTeamCountry "AUT"]
[BlackTeamCountry "AUT"]

1. Nf3 Nf6 2. d4 e6 3. c4 d5 4. g3 Nbd7 5. Qc2 dxc4 6. Bg2 Bb4+ 7. Bd2 Be7 8. Na3 Bxa3 9. bxa3 Nb6 10. Bb4 Bd7 11. Ne5 Ba4 12. Qd2 Nfd5 13. Rc1 Bb5 14. 0-0 c6 15. a4 Bxa4 16. Nxc4 Nxc4 17. Rxc4 Bb5 18. Bxd5 cxd5 19. Rc3 f6 20. Qf4 Bc4 21. Re1 a5 22. Ba3 b5 23. Qg4 Kf7 24. Re3 Re8 25. Ra1 b4 26. Bb2 Qd7 27. a3 b3 28. Rc1 Rac8 29. Rec3 a4 30. e4 Rc7 31. e5 f5 32. Qh5+ Kg8 33. g4 g6 34. Qg5 fxg4 35. Qxg4 Rf8 36. Rf3 Rxf3 37. Qxf3 Rc8 38. Rc3 Rf8 39. Qg4 Qf7 40. f3 Qf5 41. Qxf5 Rxf5 42. Re3 g5 43. h3 Kf7 44. Kg2 Kg6 45. Kg3 Rf8 46. Kg2 Ba6 47. Rc3 Rc8 48. Rc5 Rxc5 49. dxc5 Kf7 50. Kg3 Ke7 51. f4 Kd7 52. fxg5 Kc6 53. Bd4 b2 54. Bxb2 Kxc5 55. Kf3 Kc4 56. Ke3 Bb5 57. Bd4 1/2-1/2

[Event "AUT-chT2W 1011"]
[Site "Austria"]
[Date "2010.11.27"]
[Round "5"]
[White "Eybl, Alexander"]
[Black "Krassowizkij, Jaroslaw"]
[Result "1/2-1/2"]
[WhiteElo "2278"]
[BlackElo "2244"]
[PlyCount "68"]
[EventDate "2010.10.15"]
[EventType "team-tourn"]
[EventRounds "11"]
[EventCountry "AUT"]
[SourceTitle "EXT 2012"]
[Source "ChessBase"]
[SourceDate "2011.11.24"]
[SourceVersion "1"]
[SourceVersionDate "2011.11.24"]
[SourceQuality "1"]
[WhiteTeam "Rum Rochade"]
[BlackTeam "Goetzis"]
[WhiteTeamCountry "AUT"]
[BlackTeamCountry "AUT"]

1. d4 Nf6 2. Bg5 e6 3. e3 c5 4. c3 b6 5. Nd2 Bb7 6. f4 h6 7. Bxf6 Qxf6 8. Qg4 cxd4 9. exd4 Bd6 10. Nh3 Bc7 11. Bd3 Nc6 12. 0-0 g6 13. d5 exd5 14. Rae1+ Ne7 15. Qe2 Bd6 16. f5 g5 17. Nf2 h5 18. Ba6 0-0-0 19. Nfe4 dxe4 20. Nxe4 Bxh2+ 21. Kxh2 Qe5+ 22. Kh1 Nc6 23. Nxg5 Qf6 24. Ne4 Qh4+ 25. Kg1 d5 26. Nd2 Bxa6 27. Qxa6+ Kb8 28. Qe2 Rhg8 29. Nf3 Qg3 30. Ne5 Kb7 31. Nxc6 Kxc6 32. Rf3 Qg4 33. Rf2 Qxe2 34. Rexe2 Rde8 1/2-1/2

[Event "AUT-chT2W 1011"]
[Site "Austria"]
[Date "2010.10.16"]
[Round "2.3"]
[White "Eybl, Alexander"]
[Black "Fuchs, Georg"]
[Result "1/2-1/2"]
[WhiteElo "2278"]
[BlackElo "2292"]
[PlyCount "100"]
[EventDate "2010.10.15"]
[EventType "team-tourn"]
[EventRounds "11"]
[EventCountry "AUT"]
[SourceTitle "EXT 2011"]
[Source "ChessBase"]
[SourceDate "2010.11.26"]
[SourceVersion "1"]
[SourceVersionDate "2010.11.26"]
[SourceQuality "1"]
[WhiteTeam "Rum Rochade"]
[BlackTeam "Schwaz"]
[WhiteTeamCountry "AUT"]
[BlackTeamCountry "AUT"]

1. Nf3 d5 2. g3 Nf6 3. Bg2 c5 4. 0-0 Nc6 5. d4 e6 6. c4 Be7 7. Nc3 0-0 8. cxd5 exd5 9. Bg5 c4 10. Ne5 Be6 11. Nxc6 bxc6 12. b3 h6 13. Bxf6 Bxf6 14. bxc4 dxc4 15. e3 Qa5 16. Rc1 Rac8 17. Qa4 Qc7 18. Rb1 Rfd8 19. Rfe1 Qd7 20. Qa6 Rc7 21. Qa5 Be7 22. Rb2 Rb7 23. Rxb7 Qxb7 24. Rb1 Qd7 25. Qa6 Rc8 26. Rb7 Rc7 27. Rxc7 Qxc7 28. Bxc6 Bb4 29. d5 Bh3 30. Qxc4 Qe7 31. Ne2 Qf6 32. Nd4 a5 33. d6 Bxd6 34. Bg2 Bd7 35. h4 g6 36. Qd5 a4 37. Qa8+ Kg7 38. Bc6 Bxc6 39. Qxc6 a3 40. h5 Qe5 41. hxg6 fxg6 42. Qb7+ Kf6 43. Qh7 Qe4 44. Qxh6 Qb1+ 45. Kg2 Qxa2 46. Qh8+ Kf7 47. Qh7+ Kf6 48. Qh8+ Kf7 49. Qh7+ Kf6 50. Qh8+ Kf7 1/2-1/2

[Event "AUT-chT2W 0910"]
[Site "Austria"]
[Date "2009.11.28"]
[Round "5.3"]
[White "Hecht, Hans Joachim"]
[Black "Eybl, Alexander"]
[Result "1-0"]
[WhiteElo "2381"]
[BlackElo "2259"]
[PlyCount "87"]
[EventDate "2009.10.23"]
[EventType "team-tourn"]
[EventRounds "11"]
[EventCountry "AUT"]
[SourceTitle "CBM 133 Extra"]
[Source "ChessBase"]
[SourceDate "2010.01.05"]
[SourceVersion "1"]
[SourceVersionDate "2010.01.05"]
[SourceQuality "1"]
[WhiteTeam "Schwarzach"]
[BlackTeam "Rochade Rum"]
[WhiteTeamCountry "AUT"]
[BlackTeamCountry "AUT"]

1. d4 Nf6 2. c4 e6 3. Nc3 Bb4 4. e3 0-0 5. Nge2 d5 6. a3 Bd6 7. c5 Be7 8. Nf4 c6 9. Nd3 b6 10. b4 a5 11. Bd2 Nbd7 12. Be2 Ba6 13. 0-0 Ne4 14. Qc2 Nxd2 15. Qxd2 bxc5 16. bxc5 e5 17. Nxe5 Nxe5 18. Bxa6 Rxa6 19. dxe5 Bxc5 20. Na4 Ba7 21. Rac1 Re8 22. Qd3 Qc8 23. e4 dxe4 24. Qxe4 c5 25. Nb2 Rg6 26. Nc4 Bb8 27. f4 Qg4 28. Rcd1 h6 29. Rd3 f5 30. Qd5+ Kh7 31. Rg3 Qe2 32. Rxg6 Kxg6 33. Rd1 Kh7 34. h3 Bc7 35. Qd3 Qh5 36. g4 Qh4 37. Qxf5+ Kh8 38. Kg2 Rb8 39. Qh5 Qe7 40. Qg6 Rb3 41. Rd3 Rxd3 42. Qxd3 Qe6 43. Qe4 Qd7 44. e6 1-0